000 00334nam a22001457a 4500
008 221018b ||||| |||| 00| 0 eng d
020 _a9789951277259
041 _aeng
080 _a330.72
082 _a330.72 KAS
100 _a23.2
101 _aMENA
245 _aMENAXHIMI BANKAR DHE REGULATIVA
_cKASTRATI A
942 _2udc
_cBK
999 _c58599
_d58599